| 000 | 02576nam a2200505 c 4500 | ||
|---|---|---|---|
| 999 |
_c160098 _d160098 |
||
| 003 | BLK | ||
| 005 | 20250128005502.0 | ||
| 008 | 180410b bul|||||r ||||||| ||bul|| | ||
| 010 | _aKNG00167300000 | ||
| 040 | _aBLK | ||
| 041 |
_aBUL _cBUL |
||
| 072 | 7 |
_2bullib _aК _xКраезнание |
|
| 080 |
_aКредитни кооперации. Кооперативни банки _b334.2 _x(497.2)(091) _z334.2(497.2)(091) |
||
| 080 |
_aПериод на кризата на феодализма, зараждане на капиталистически отношения. Възраждане на българския народ (II пол. на ХVIII в. - 1878 г.) _b94(497.2)"1750/1878" _z94(497.2)"1750/1878" |
||
| 080 |
_aОсмански държавник _b929 Мидхат паша, Ахмед Шефик _z929 Мидхат паша, Ахмед Шефик |
||
| 100 | 1 |
_aЧилингиров, Стилиян Хаджидобрев _d1881-1962 _9410962 |
|
| 139 |
_aЧилингиров, Стилиян Хаджидобрев _bЧ 81 |
||
| 245 | 1 | 0 |
_aМитхад паша и земеделските каси _cСтилиян Хаджидобрев Чилингиров; с предг. от Стефан Фетваджиев. |
| 257 | _aBGR | ||
| 260 |
_bДобромир Чилингиров _c1942 _fСофия : Нар. печат _aСофия |
||
| 300 |
_a72 с. _c18 см |
||
| 380 | _a3 | ||
| 500 | _a3 000 тир. | ||
| 600 | 1 | 4 |
_aМидхат паша, Ахмед Шефик _d1822-1884 _995276 |
| 650 | 4 |
_aБългария - кооперативно дело _9262247 |
|
| 650 | 0 |
_aБългария - история, османско владичество _9245876 |
|
| 651 | 4 |
_aБългария _9241624 |
|
| 653 | _aбанки | ||
| 653 | _aистория | ||
| 653 | _aосманско владичество | ||
| 653 | _aМидхат паша | ||
| 659 | _aК | ||
| 700 | 1 |
_aФетваджиев, Стефан _eс предг. от _9334750 |
|
| 852 | _aЦб І 14002 | ||
| 852 | _aК 334/Ч 81 С | ||
| 852 | _aК 334/Ч 81 | ||
| 856 | 4 |
_qpdf _i0.00 _linternal use only _fМитхад паша и земеделските каси _uhttp://185.138.176.146:18082/cgi-bin/koha/opac-retrieve-file.pl?id=2401c5785c1830130032cf6049e279b5 _xebook _zМитхад паша и земеделските каси |
|
| 942 |
_cKNG _n0 _s1 |
||
| 944 |
_aCR _c14.11.2014 _lCRON CRON _k |
||
| 944 |
_aED _c14.11.2014 _l14.11.2014 - от С1,Р / 14.11.2014 |
||
| 999 | _d160098 | ||
| 999 | _d160098 | ||
| 999 | _d160098 | ||
| 999 | _d160098 | ||